Szczegóły MARC21

Makroekonomia : skrypt dla studentów wydziałów ekonomicznych /

003 -Nazwa inst., której nr kontr. jest w polu 001 [,]
    • @
    • Nazwa instytucji, której n kontrolny jest w polu 001
    • NUKAT
005 -DATA I CZAS OSTATNIEJ MODYFIKACJI [,]
    • @
    • pole kontrolne
    • 20241231094457.0
020 -Międzynarod. znormalizowany nr książki - ISBN [ , ]
    • a
    • Numer ISBN
    • 8385798897 Find
040 -Instytucja sporządzająca opis [ , ]
    • a
    • Instytucja, która sporządziła opis (NP)
    • NUKAT
    • c
    • Instytucja, która sporządziła rekord (NP)
    • POZN U/AG
    • d
    • Instytucja, która zmodyfikowała rekord (P)
    • POZN U/HC
    • d
    • Instytucja, która zmodyfikowała rekord (P)
    • POZN U/KK
942 -Rodzaj dokumentu [ , ]
    • c
    • Rodzaj dokumentu
    • Książka
245 -Strefa tytułu i oznaczenia odpowiedzialności [0,0]
    • a
    • Tytuł
    • Makroekonomia : Find
    • b
    • Ciąg dalszy tytułu (NP)
    • skrypt dla studentów wydziałów ekonomicznych / Find
    • c
    • Pozostałe elementy strefy tytułu i oznaczenia odpowiedzialności (NP)
    • pod red. Czesława Sułkowskiego ; [autorzy: Anna Grzelak et al.] ; Uniwersytet Szczeciński.
260 -Strefa adresu wydawniczego [ , ]
    • a
    • Miejsce wydania (P)
    • Szczecin :
    • b
    • Nazwa wydawcy (P)
    • Wydaw. Naukowe US,
    • c
    • Data wydania (P)
    • 1995.
300 -Strefa opisu fizycznego [ , ]
    • a
    • Określenie formy książki i/lub objętość (NP)
    • 472 s. :
    • b
    • Oznaczenie ilustracji (NP)
    • wykr. ;
    • c
    • Format (NP)
    • 24 cm.
336 -Typ zawartości [ , ]
    • a
    • Termin opisujący typ zawartości
    • Tekst
    • b
    • Kod określający zawartość
    • txt
    • 2
    • Źródło (terminu i kodu)
    • rdacontent
337 -Typ mediów [ , ]
    • a
    • Tryb odtwarzania
    • Bez urządzenia pośredniczącego
    • b
    • Kod typu mediów
    • n
    • 2
    • Źródło (terminu i kodu)
    • rdamedia
338 -Typ/rodzaj nośnika [ , ]
    • a
    • Hasło opisujące typ nośnika
    • Wolumin
    • b
    • Kod typu nośnika
    • nc
    • 2
    • Źródło (terminu i kodu)
    • rdacarrier
504 -Uwaga dot. bibliogr. załącznikowej [ , ]
    • a
    • Uwaga dot. bibliografii załącznikowej
    • Bibliogr. przy rozdziałach.
080 -Uniwersalna Klasyfikacja Dziesiętna [ , ]
    • a
    • Symbol klasyfikacji
    • 330.101.541(075.8)
650 -Hasło przedmiotowe [ ,7]
    • a
    • Hasło przedmiotowe
    • Makroekonomia
    • v
    • Określnik formalny
    • podręczniki akademickie.
    • 2
    • Źródło terminu
    • kaba
    • 9
    • KHW
    • 354412
980 -Symbol UKD [ , ]
    • a
    • UKD
    • 330.101.541(075.8)
700 -Hasło dodatkowe - nazwa osobowa [1, ]
    • a
    • Nazwa osobowa (NP)
    • Grzelak, Anna Find
    • c
    • Dopowiedzenie inne niż daty biograficzne (NP)
    • (ekonomia).
    • 9
    • KHW
    • 408976
700 -Hasło dodatkowe - nazwa osobowa [1, ]
    • a
    • Nazwa osobowa (NP)
    • Sułkowski, Czesław. Find
    • e
    • Określenie rodzaju współpracy
    • Red.
    • 9
    • KHW
    • 7886
710 -Hasło dodatkowe - nazwa ciała zbiorowego [2, ]
    • a
    • Nazwa ciała zbiorowego lub nazwa geograficzna jako pierwszy element (NP)
    • Uniwersytet Szczeciński.
    • b
    • Nazwa jednostki podrzędnej (P)
    • Wydawnictwo Naukowe.
    • 4
    • Kod relacji
    • pbl
    • 9
    • KHW
    • 51208
920 -ISBN [ , ]
    • a
    • ISBN
    • 83-85798-89-7 Find
Numer inwentarzowy Sygnatura Status udost. Lokalizacja Data inwentaryzacji
E.63071 2BE1995-11-13
S.77918 2BE1995-11-13
S.77919 2BE1995-11-13
S.77920 2BE1995-11-13
S.77921 2BE1995-11-13
S.77922 2BE1995-11-13
S.77923 2BE1995-11-13
S.77924 2BE1995-11-13
S.77925 2BE1995-11-13
S.77926 2BE1995-11-13
S.77927 2BE1995-11-13
S.77928 2BE1995-11-13
S.77929 2BE1995-11-13
S.77930 2BE1995-11-13
S.77931 2BE1995-11-13
S.77932 2BE1995-11-13
S.77933 2BE1995-11-13
S.77934 2BE1995-11-13
S.77935 -3BE1995-11-13
S.77936 2BE1995-11-13
S.77937 2BE1995-11-13
W.185017W.185009-3BG1995-11-13
W.185016W.185009-3BG1995-11-13
W.185015W.185009-3BG1995-11-13
W.185014W.185009-3BG1995-11-13
W.185013W.1850092BG1995-11-13
W.185012W.185009-3BG1995-11-13
W.185011W.185009-3BG1995-11-13
W.185010W.1850092BG1995-11-13
W.185009W.185009-3BG1995-11-13
W.185018W.185009-3BG1995-11-13
Z.87209Z.872091BG1995-11-13
TS.77938 -11T1995-11-13
TS.77940TS.77940-11T1995-11-13
TS.77941TS.77941-11T1995-11-13
TS.77942TS.77942-11T1995-11-13
TS.77943 -11T1995-11-13
TS.77944TS.77944-11T1995-11-13
TS.77945TS.77945-11T1995-11-13
TS.77946 -11T1995-11-13
TS.77947 -11T1995-11-13
TS.77939 -6T1995-11-13